| 000 | 00361 a2200157 4500 | ||
|---|---|---|---|
| 001 | 122368 | ||
| 020 | _a9781407124506 | ||
| 040 | _cEscola Canadense de Niteroi | ||
| 090 | _aHAL - T6 | ||
| 100 | _aSean, Julian | ||
| 245 | 1 | 0 | _aTroubletops and the new baby |
| 300 | _c8 x 0.8 x 28.2 cm | ||
| 362 | 0 | _a2011 | |
| 650 | 4 | _aChildren's Literature | |
| 942 | _cBK | ||
| 999 |
_c122368 _d122368 |
||